000 00429nam a22001697a 4500
003 MPLRDC
005 20220104142926.0
008 210129b ||||| |||| 00| 0 eng d
082 _a494.07 BSFX
100 _a鼻山芳雄
245 _a人材培养秘诀
_c何培忠等译
250 _a一版一刷
260 _a
_b社会科学文献出版社
_c1987
300 _b
650 _a企业管理
942 _cBK
_o494.07 BSFX
999 _c34938
_d34928